Workshop technology-II (Record no. 5258)

MARC details
000 -LEADER
fixed length control field 00302nam a2200121Ia 4500
008 - FIXED-LENGTH DATA ELEMENTS--GENERAL INFORMATION
fixed length control field 150201s2009 xx 000 0 und d
082 ## - DEWEY DECIMAL CLASSIFICATION NUMBER
Classification number 670.42
Item number YAD
100 ## - MAIN ENTRY--PERSONAL NAME
Personal name Yadav,K.S
245 ## - TITLE STATEMENT
Title Workshop technology-II
260 ## - PUBLICATION, DISTRIBUTION, ETC. (IMPRINT)
Name of publisher, distributor, etc. Vaya Education of India
Place of publication, distribution, etc. New Delhi
Date of publication, distribution, etc. 2009
300 ## - PHYSICAL DESCRIPTION
Extent 283p.
942 ## - ADDED ENTRY ELEMENTS (KOHA)
Source of classification or shelving scheme Dewey Decimal Classification
Koha item type Books
Holdings
Withdrawn status Lost status Source of classification or shelving scheme Damaged status Not for loan Home library Current library Date acquired SGTU Total Checkouts Full call number Barcode Date last seen Date last checked out Bill Date Koha item type Use restrictions Shelving location
    Dewey Decimal Classification     SGT Engineering Library SGT Engineering Library 28/06/2011 SGTU 1 670.42 YAD FE3588 24/05/2018 22/05/2018 09/02/2015 Books    
    Dewey Decimal Classification   Not For Loan SGT Engineering Library SGT Engineering Library 28/06/2011 SGTU   670.42 YAD FE3589 09/02/2015   09/02/2015 Books Restricted Access Reference Book
    Dewey Decimal Classification     SGT Engineering Library SGT Engineering Library 28/06/2011 SGTU   670.42 YAD FE3590 09/02/2015   09/02/2015 Books    
    Dewey Decimal Classification     SGT Engineering Library SGT Engineering Library 28/06/2011 SGTU   670.42 YAD FE3591 09/02/2015   09/02/2015 Books    
    Dewey Decimal Classification     SGT Engineering Library SGT Engineering Library 28/06/2011 SGTU 1 670.42 YAD FE3592 15/02/2018 03/02/2018 09/02/2015 Books